Partial differential equations VI : elliptic and parabolic operators

Αποθηκεύτηκε σε:
Λεπτομέρειες βιβλιογραφικής εγγραφής
Άλλοι συγγραφείς: Egorov, IU. V. (IUrii Vladimirovich) (Επιμελητής έκδοσης), Shubin, M. A. (Mikhail Aleksandrovich) 1944- (Επιμελητής έκδοσης)
Μορφή: Βιβλίο
Γλώσσα:English
Δημοσίευση: Berlin : Springer-Verlag, c1994
Σειρά:Encyclopaedia of mathematical sciences ; ; 63
Θέματα:
Ετικέτες: Προσθήκη ετικέτας
Δεν υπάρχουν, Καταχωρήστε ετικέτα πρώτοι!

MARC

LEADER 00000cam a2200000 i 4500
001 1/27918
008 960507s1994 eng d
020 |a 3-540-54678-2 
035 |a 1995  |l 10037943 
040 |a GR-MY-UA  |b gre  |e aacr 
041 0 |a eng 
082 0 |a 515.353 
245 1 0 |a Partial differential equations VI :  |b elliptic and parabolic operators /  |c Yu.V. Egorov, M.A. shubin (Eds.) 
260 |a Berlin :   |b Springer-Verlag,   |c c1994 
300 |a 325 p.;  |c 24 cm. 
490 1 |a Encyclopaedia of mathematical sciences  |v ; 63 
500 |a Includes bibliographical references and index 
650 0 0 |a Differential equations, Partial. 
700 1 |a Egorov, IU. V.  |q (IUrii Vladimirovich)  |e edt 
700 1 |a Shubin, M. A.  |q (Mikhail Aleksandrovich)  |d 1944-  |e edt 
830 0 |a Encyclopaedia of mathematical sciences ;  |v ; 63 
852 |a INST  |b SAMOS  |e 19960507  |h 515.353 PAR  |p 005300005254  |q 005300005254  |t BK  |y 0 
852 |a INST  |b SAMOS  |e 19990225  |h 515.353 PAR  |p 005300013292  |q 005300013292  |t BK  |y 0 
901 |a BIBL-1999-1 
909 |a Σ  |b 039344 
909 |a Σ  |b 063041 
922 |a 3ΕΛΗ  |b 199901  |c ΕΠΕΑΕΚ/ΜΑΘ  |d GLORY